[Event "ODJM B 2025"]
[Site "Willingen GER"]
[Date "2025.06.12"]
[Round "7"]
[White "Huth, Fabienne"]
[Black "Weidenhöfer, Ben"]
[Result "1/2-1/2"]
[Termination "normal"]
[Board "68"]
[WhiteElo "1402"]
[BlackElo "1620"]
[WhiteClock "00:14:27"]
[BlackClock "00:32:03"]
[PlyCount "59"]
[WhiteFideId "34660739"]
[BlackFideId "16273702"]
[EventCountry "GER"]
[EventRounds "9"]
[EventType "swiss"]
[EventDate "2025.06.07"]

1. e4 {[%clk 01:30:58]} d5 {[%clk 01:30:54]} {[%emt 00:00:06]} 2. exd5 {[%emt
00:00:10]} Qxd5 {[%clk 01:31:18]} {[%emt 00:00:01]} 3. Nc3 {[%clk 01:31:34]}
{[%emt 00:00:20]} Qd8 {[%clk 01:31:41]} {[%emt 00:00:07]} 4. d4 {[%clk
01:31:42]} {[%emt 00:00:22]} c6 {[%clk 01:32:05]} {[%emt 00:00:06]} 5. Bc4
{[%clk 01:31:21]} {[%emt 00:00:50]} Nf6 {[%clk 01:30:27]} {[%emt 00:02:09]} 6.
Nf3 {[%clk 01:30:56]} {[%emt 00:00:55]} Bf5 {[%clk 01:26:58]} {[%emt 00:04:00]}
7. O-O {[%clk 01:28:50]} {[%emt 00:02:36]} e6 {[%clk 01:26:56]} {[%emt
00:00:32]} 8. Re1 {[%clk 01:25:58]} {[%emt 00:03:21]} Be7 {[%clk 01:23:07]}
{[%emt 00:04:19]} 9. h3 {[%clk 01:24:28]} {[%emt 00:01:59]} O-O {[%clk
01:22:07]} {[%emt 00:01:30]} 10. Nh4 {[%clk 01:15:47]} {[%emt 00:09:12]} Bg6
{[%clk 01:20:19]} {[%emt 00:02:19]} 11. Nxg6 {[%clk 01:14:43]} {[%emt
00:01:34]} hxg6 {[%clk 01:20:09]} {[%emt 00:00:40]} 12. Bg5 {[%clk 01:10:03]}
{[%emt 00:05:08]} Nh5 {[%clk 01:16:46]} {[%emt 00:03:54]} 13. Bxe7 {[%clk
01:04:17]} {[%emt 00:06:16]} Qxe7 {[%clk 01:17:03]} {[%emt 00:00:13]} 14. Qf3
{[%clk 00:57:59]} {[%emt 00:06:47]} Nd7 {[%clk 01:14:06]} {[%emt 00:03:27]} 15.
Rad1 {[%clk 00:50:30]} {[%emt 00:07:59]} Qb4 {[%clk 01:10:06]} {[%emt
00:04:30]} 16. Bb3 {[%clk 00:43:24]} {[%emt 00:07:36]} Rad8 {[%clk 01:03:51]}
{[%emt 00:06:46]} 17. Ne2 {[%clk 00:39:05]} {[%emt 00:04:49]} a5 {[%clk
01:01:34]} {[%emt 00:02:47]} 18. c3 {[%clk 00:37:05]} {[%emt 00:02:30]} Qd6
{[%clk 00:58:52]} {[%emt 00:03:11]} 19. g4 {[%clk 00:33:20]} {[%emt 00:04:15]}
Nhf6 {[%clk 00:55:43]} {[%emt 00:03:39]} 20. Ng3 {[%clk 00:29:47]} {[%emt
00:04:01]} Nb6 {[%clk 00:49:55]} {[%emt 00:06:20]} 21. Kg2 {[%clk 00:26:08]}
{[%emt 00:04:09]} Kh7 {[%clk 00:47:21]} {[%emt 00:03:04]} 22. g5 {[%clk
00:24:22]} {[%emt 00:02:16]} Nfd5 {[%clk 00:45:58]} {[%emt 00:01:52]} 23. Re4
{[%clk 00:22:24]} {[%emt 00:02:18]} f5 {[%clk 00:42:24]} {[%emt 00:04:13]} 24.
gxf6 {[%clk 00:19:14]} {[%emt 00:03:42]} Rxf6 {[%clk 00:41:07]} {[%emt
00:01:46]} 25. Rh4+ {[%clk 00:17:49]} {[%emt 00:01:50]} Kg8 {[%clk 00:41:26]}
{[%emt 00:00:16]} 26. Ne4 {[%clk 00:16:14]} {[%emt 00:02:05]} Qh2+ {[%clk
00:36:30]} {[%emt 00:05:26]} 27. Kxh2 {[%clk 00:15:46]} {[%emt 00:00:57]} Rxf3
{[%clk 00:36:52]} {[%emt 00:00:09]} 28. Rg1 {[%clk 00:15:20]} {[%emt 00:00:56]}
Rf4 {[%clk 00:31:41]} {[%emt 00:05:40]} 29. Rxf4 {[%clk 00:14:53]} {[%emt
00:00:57]} Nxf4 {[%clk 00:32:03]} {[%emt 00:00:07]} 30. Rg4 {[%clk 00:14:27]}
{[%emt 00:00:56]} 1/2-1/2

[Event "ODJM B 2025"]
[Site "Willingen GER"]
[Date "2025.06.13"]
[Round "8"]
[White "Engelhaupt, Henry"]
[Black "Berger, Friedrich Richard"]
[Result "1-0"]
[Termination "normal"]
[Board "4"]
[WhiteElo "1825"]
[BlackElo "1723"]
[WhiteClock "00:40:45"]
[BlackClock "00:02:47"]
[PlyCount "81"]
[WhiteFideId "34644814"]
[BlackFideId "34663169"]
[EventCountry "GER"]
[EventRounds "9"]
[EventType "swiss"]
[EventDate "2025.06.07"]

1. e4 {[%clk 01:30:58]} {[%emt 00:00:02]} e5 {[%clk 01:30:55]} {[%emt
00:00:05]} 2. Nf3 {[%clk 01:31:24]} {[%emt 00:00:03]} Nc6 {[%clk 01:31:20]}
{[%emt 00:00:06]} 3. Bc4 {[%clk 01:31:51]} {[%emt 00:00:04]} Bc5 {[%clk
01:31:42]} {[%emt 00:00:08]} 4. c3 {[%clk 01:32:16]} {[%emt 00:00:05]} Nf6
{[%clk 01:31:55]} {[%emt 00:00:17]} 5. d4 {[%clk 01:32:39]} {[%emt 00:00:07]}
exd4 {[%clk 01:32:05]} {[%emt 00:00:19]} 6. e5 {[%clk 01:32:56]} {[%emt
00:00:13]} d5 {[%clk 01:31:00]} {[%emt 00:01:35]} 7. Bb5 {[%clk 01:33:21]}
{[%emt 00:00:05]} Ne4 {[%clk 01:29:49]} {[%emt 00:01:41]} 8. cxd4 {[%clk
01:33:40]} {[%emt 00:00:12]} Bb6 {[%clk 01:25:46]} {[%emt 00:04:32]} 9. O-O
{[%clk 01:31:38]} {[%emt 00:02:31]} O-O {[%clk 01:18:15]} {[%emt 00:08:03]} 10.
Be3 {[%emt 00:03:25]} Bg4 {[%clk 01:08:59]} {[%emt 00:09:41]} 11. Be2 {[%clk
01:23:40]} {[%emt 00:05:37]} h6 {[%clk 01:04:42]} {[%emt 00:04:47]} 12. h3
{[%clk 01:22:35]} {[%emt 00:01:35]} Bf5 {[%clk 00:57:17]} {[%emt 00:07:53]} 13.
Nc3 {[%clk 01:20:24]} {[%emt 00:02:44]} Nxc3 {[%clk 00:53:14]} {[%emt
00:04:33]} 14. bxc3 {[%clk 01:20:40]} {[%emt 00:00:13]} Ne7 {[%clk 00:52:03]}
{[%emt 00:01:40]} 15. Nh2 {[%clk 01:17:01]} {[%emt 00:04:11]} Qd7 {[%clk
00:47:03]} {[%emt 00:05:29]} 16. Bg4 {[%clk 01:11:58]} {[%emt 00:05:33]} c6
{[%clk 00:43:00]} {[%emt 00:04:33]} 17. Qd2 {[%clk 01:10:44]} {[%emt 00:01:44]}
Bd8 {[%clk 00:39:58]} {[%emt 00:03:32]} 18. f4 {[%clk 01:06:05]} {[%emt
00:05:09]} g6 {[%clk 00:36:15]} {[%emt 00:04:14]} 19. Bxf5 {[%clk 01:03:17]}
{[%emt 00:03:19]} Nxf5 {[%clk 00:36:15]} {[%emt 00:00:29]} 20. g4 {[%clk
01:02:33]} {[%emt 00:01:14]} Ng3 {[%clk 00:33:47]} {[%emt 00:02:58]} 21. Rf3
{[%clk 01:00:17]} {[%emt 00:02:46]} Ne4 {[%clk 00:33:59]} {[%emt 00:00:18]} 22.
Qc2 {[%clk 00:59:00]} {[%emt 00:01:46]} Ba5 {[%clk 00:30:39]} {[%emt 00:03:51]}
23. Bd2 {[%clk 00:53:24]} {[%emt 00:06:06]} Kh8 {[%clk 00:27:21]} {[%emt
00:03:48]} 24. Nf1 {[%clk 00:50:07]} {[%emt 00:03:47]} Rg8 {[%clk 00:26:29]}
{[%emt 00:01:23]} 25. Ng3 {[%clk 00:49:18]} {[%emt 00:01:19]} Nxg3 {[%clk
00:25:44]} {[%emt 00:01:14]} 26. Rxg3 {[%clk 00:49:37]} {[%emt 00:00:12]} Bd8
{[%clk 00:23:57]} {[%emt 00:02:16]} 27. Kh2 {[%clk 00:46:00]} {[%emt 00:04:07]}
a5 {[%clk 00:20:00]} {[%emt 00:04:28]} 28. Rag1 {[%clk 00:44:46]} {[%emt
00:01:43]} Bh4 {[%clk 00:16:12]} {[%emt 00:04:18]} 29. R3g2 {[%clk 00:44:45]}
{[%emt 00:00:31]} Be7 {[%clk 00:16:06]} {[%emt 00:00:36]} 30. f5 {[%clk
00:43:58]} {[%emt 00:01:17]} g5 {[%clk 00:14:40]} {[%emt 00:01:56]} 31. f6
{[%clk 00:43:49]} {[%emt 00:00:40]} Bd8 {[%clk 00:14:48]} {[%emt 00:00:22]} 32.
h4 {[%clk 00:43:04]} {[%emt 00:01:15]} gxh4 {[%clk 00:03:53]} {[%emt 00:11:25]}
33. Bxh6 {[%clk 00:43:20]} {[%emt 00:00:14]} Rg6 {[%clk 00:03:47]} {[%emt
00:00:36]} 34. Bg7+ {[%clk 00:43:18]} {[%emt 00:00:32]} Kg8 {[%clk 00:03:19]}
{[%emt 00:00:57]} 35. Qf2 {[%clk 00:40:31]} {[%emt 00:03:18]} b5 {[%clk
00:02:46]} {[%emt 00:01:03]} 36. g5 {[%clk 00:40:41]} {[%emt 00:00:20]} Rxg7
{[%clk 00:02:54]} {[%emt 00:00:22]} 37. fxg7 {[%clk 00:41:00]} {[%emt
00:00:11]} Kxg7 {[%clk 00:02:25]} {[%emt 00:00:58]} 38. Qxh4 {[%clk 00:41:02]}
{[%emt 00:00:29]} Qe6 {[%clk 00:02:03]} {[%emt 00:00:52]} 39. Qh6+ {[%clk
00:40:45]} {[%emt 00:00:46]} Qxh6+ {[%clk 00:02:22]} {[%emt 00:00:11]} 40.
gxh6+ {[%emt 00:00:06]} Kxh6 {[%clk 00:02:47]} {[%emt 00:00:04]} 41. Rg8 {[%emt
00:00:18]} 1-0

[Event "ODJM B 2025"]
[Site "Willingen GER"]
[Date "2025.06.13"]
[Round "8"]
[White "Kautny, Fabian"]
[Black "John, Linnea"]
[Result "0-1"]
[Termination "normal"]
[Board "5"]
[WhiteElo "1818"]
[BlackElo "1631"]
[WhiteClock "00:10:26"]
[BlackClock "00:23:08"]
[PlyCount "48"]
[WhiteFideId "34657193"]
[BlackFideId "34623680"]
[EventCountry "GER"]
[EventRounds "9"]
[EventType "swiss"]
[EventDate "2025.06.07"]

1. e4 {[%clk 01:30:59]} c5 {[%clk 01:30:56]} {[%emt 00:00:04]} 2. Nc3 {[%clk
01:31:26]} {[%emt 00:00:03]} Nc6 {[%clk 01:31:21]} {[%emt 00:00:05]} 3. f4
{[%clk 01:31:53]} {[%emt 00:00:03]} e6 {[%clk 01:31:45]} {[%emt 00:00:07]} 4.
Nf3 {[%clk 01:32:17]} {[%emt 00:00:05]} Nge7 {[%clk 01:32:11]} {[%emt
00:00:04]} 5. Bc4 {[%clk 01:31:24]} {[%emt 00:01:23]} g6 {[%clk 01:29:40]}
{[%emt 00:03:01]} 6. d3 {[%clk 01:31:40]} {[%emt 00:00:15]} Bg7 {[%clk
01:29:28]} {[%emt 00:00:42]} 7. O-O {[%clk 01:32:03]} {[%emt 00:00:07]} O-O
{[%clk 01:29:48]} {[%emt 00:00:10]} 8. Qe1 {[%clk 01:32:15]} {[%emt 00:00:17]}
d5 {[%clk 01:26:26]} {[%emt 00:03:52]} 9. Bb3 {[%clk 01:32:41]} {[%emt
00:00:04]} Nd4 {[%clk 01:19:04]} {[%emt 00:07:52]} 10. g4 {[%clk 01:15:58]}
{[%emt 00:17:13]} c4 {[%clk 01:08:41]} {[%emt 00:10:53]} 11. dxc4 {[%clk
01:16:24]} {[%emt 00:00:04]} dxc4 {[%clk 01:09:07]} {[%emt 00:00:04]} 12. Bxc4
{[%clk 01:16:51]} {[%emt 00:00:03]} Nxc2 {[%clk 00:42:37]} {[%emt 00:27:00]}
13. Qh4 {[%clk 01:17:03]} {[%emt 00:00:18]} Nxa1 {[%clk 00:41:47]} {[%emt
00:01:20]} 14. f5 {[%clk 01:17:05]} {[%emt 00:00:28]} Nc6 {[%clk 00:35:58]}
{[%emt 00:06:19]} 15. Bg5 {[%clk 00:46:13]} {[%emt 00:31:21]} f6 {[%clk
00:26:32]} {[%emt 00:09:57]} 16. fxe6 {[%clk 00:27:29]} {[%emt 00:19:13]} Ne7
{[%clk 00:24:31]} {[%emt 00:02:32]} 17. Nd5 {[%clk 00:22:01]} {[%emt 00:05:59]}
Nxd5 {[%clk 00:23:01]} {[%emt 00:01:59]} 18. Bxd5 {[%clk 00:20:25]} {[%emt
00:02:05]} Qb6+ {[%clk 00:22:56]} {[%emt 00:00:36]} 19. Qf2 {[%clk 00:19:01]}
{[%emt 00:01:54]} Qxf2+ {[%clk 00:23:16]} {[%emt 00:00:10]} 20. Kxf2 {[%clk
00:19:20]} {[%emt 00:00:11]} Re8 {[%clk 00:23:13]} {[%emt 00:00:33]} 21. Rxa1
{[%clk 00:11:24]} {[%emt 00:08:26]} fxg5 {[%clk 00:23:01]} {[%emt 00:00:42]}
22. Nxg5 {[%clk 00:11:02]} {[%emt 00:00:52]} Bf6 {[%clk 00:22:32]} {[%emt
00:00:59]} 23. e7+ {[%clk 00:10:11]} {[%emt 00:01:21]} Kg7 {[%clk 00:22:45]}
{[%emt 00:00:15]} 24. Ne6+ {[%clk 00:10:26]} {[%emt 00:00:17]} Bxe6 {[%clk
00:23:08]} {[%emt 00:00:07]} 0-1

[Event "ODJM B 2025"]
[Site "Willingen GER"]
[Date "2025.06.13"]
[Round "8"]
[White "Kaufmann, Ben"]
[Black "Dominik, Anton"]
[Result "0-1"]
[Termination "normal"]
[Board "6"]
[WhiteElo "1801"]
[BlackElo "2015"]
[WhiteClock "00:02:53"]
[BlackClock "00:04:32"]
[PlyCount "58"]
[WhiteFideId "34687068"]
[BlackFideId "34694501"]
[EventCountry "GER"]
[EventRounds "9"]
[EventType "swiss"]
[EventDate "2025.06.07"]

1. e4 {[%clk 01:30:59]} c5 {[%clk 01:26:46]} {[%emt 00:04:14]} 2. Nf3 {[%clk
01:31:24]} {[%emt 00:00:05]} d6 {[%clk 01:27:06]} {[%emt 00:00:11]} 3. d4
{[%clk 01:31:50]} {[%emt 00:00:03]} cxd4 {[%clk 01:27:29]} {[%emt 00:00:08]} 4.
Nxd4 {[%clk 01:32:15]} {[%emt 00:00:05]} Nf6 {[%clk 01:27:51]} {[%emt
00:00:08]} 5. Nc3 {[%clk 01:32:37]} {[%emt 00:00:08]} a6 {[%clk 01:28:07]}
{[%emt 00:00:13]} 6. Bg5 {[%clk 01:32:14]} {[%emt 00:00:53]} e6 {[%clk
01:28:23]} {[%emt 00:00:14]} 7. f4 {[%clk 01:32:11]} {[%emt 00:00:33]} Be7
{[%clk 01:26:00]} {[%emt 00:02:54]} 8. Qf3 {[%clk 01:32:13]} {[%emt 00:00:27]}
h6 {[%clk 01:24:33]} {[%emt 00:01:58]} 9. Bh4 {[%clk 01:30:49]} {[%emt
00:01:53]} g5 {[%clk 01:23:15]} {[%emt 00:01:49]} 10. fxg5 {[%clk 01:26:29]}
{[%emt 00:04:49]} Nfd7 {[%clk 01:21:46]} {[%emt 00:01:59]} 11. Qh5 {[%clk
01:09:27]} {[%emt 00:17:31]} Ne5 {[%clk 01:11:43]} {[%emt 00:10:34]} 12. O-O-O
{[%clk 00:55:28]} {[%emt 00:14:29]} Ng6 {[%clk 00:44:57]} {[%emt 00:27:17]} 13.
Bg3 {[%clk 00:51:15]} {[%emt 00:04:41]} hxg5 {[%clk 00:43:51]} {[%emt
00:01:37]} 14. Qf3 {[%clk 00:49:03]} {[%emt 00:02:42]} Nd7 {[%clk 00:40:47]}
{[%emt 00:03:34]} 15. Be2 {[%clk 00:43:15]} {[%emt 00:06:18]} Nde5 {[%clk
00:39:11]} {[%emt 00:02:07]} 16. Qf2 {[%clk 00:42:31]} {[%emt 00:01:13]} Qc7
{[%clk 00:29:30]} {[%emt 00:10:11]} 17. h3 {[%clk 00:35:01]} {[%emt 00:08:00]}
b5 {[%clk 00:26:11]} {[%emt 00:03:50]} 18. Nf3 {[%clk 00:32:44]} {[%emt
00:02:47]} Bd7 {[%clk 00:23:23]} {[%emt 00:03:18]} 19. Nxe5 {[%clk 00:30:35]}
{[%emt 00:02:39]} dxe5 {[%clk 00:20:38]} {[%emt 00:03:15]} 20. Rhf1 {[%clk
00:27:07]} {[%emt 00:03:57]} O-O {[%clk 00:18:33]} {[%emt 00:02:34]} 21. Bh5
{[%clk 00:22:16]} {[%emt 00:05:22]} b4 {[%clk 00:15:45]} {[%emt 00:03:19]} 22.
Nb1 {[%clk 00:20:16]} {[%emt 00:02:30]} Bb5 {[%clk 00:15:01]} {[%emt 00:01:14]}
23. Rh1 {[%clk 00:17:55]} {[%emt 00:02:50]} Rac8 {[%clk 00:13:12]} {[%emt
00:02:19]} 24. Rd2 {[%clk 00:13:57]} {[%emt 00:04:27]} a5 {[%clk 00:11:25]}
{[%emt 00:02:18]} 25. Be2 {[%clk 00:09:10]} {[%emt 00:05:17]} Bc4 {[%clk
00:10:16]} {[%emt 00:01:40]} 26. Bxc4 {[%clk 00:03:37]} {[%emt 00:06:02]} Qxc4
{[%clk 00:10:39]} {[%emt 00:00:07]} 27. h4 {[%clk 00:03:51]} {[%emt 00:00:17]}
gxh4 {[%clk 00:05:26]} {[%emt 00:05:43]} 28. Bh2 {[%clk 00:03:34]} {[%emt
00:00:46]} Bg5 {[%clk 00:04:44]} {[%emt 00:01:12]} 29. g3 {[%clk 00:02:53]}
{[%emt 00:01:11]} Qxc2# {[%clk 00:04:32]} {[%emt 00:00:43]} 0-1

[Event "ODJM B 2025"]
[Site "Willingen GER"]
[Date "2025.06.13"]
[Round "8"]
[White "Thoms, Eric"]
[Black "Sniegowski, Richard"]
[Result "1/2-1/2"]
[Termination "normal"]
[Board "7"]
[WhiteElo "1716"]
[BlackElo "1887"]
[WhiteClock "01:21:41"]
[BlackClock "00:56:34"]
[PlyCount "44"]
[WhiteFideId "34623450"]
[BlackFideId "34664181"]
[EventCountry "GER"]
[EventRounds "9"]
[EventType "swiss"]
[EventDate "2025.06.07"]

1. d4 {[%clk 01:30:57]} {[%emt 00:00:02]} Nf6 {[%clk 01:27:31]} {[%emt
00:03:29]} 2. g3 {[%clk 01:30:06]} {[%emt 00:01:22]} d5 {[%clk 01:24:54]}
{[%emt 00:03:07]} 3. Bg2 {[%clk 01:30:28]} {[%emt 00:00:07]} e6 {[%clk
01:24:08]} {[%emt 00:01:17]} 4. Nf3 {[%clk 01:30:45]} {[%emt 00:00:12]} c5
{[%clk 01:24:16]} {[%emt 00:00:22]} 5. c3 {[%clk 01:30:51]} {[%emt 00:00:25]}
cxd4 {[%clk 01:23:49]} {[%emt 00:00:57]} 6. cxd4 {[%clk 01:31:14]} {[%emt
00:00:07]} Nbd7 {[%clk 01:23:21]} {[%emt 00:00:58]} 7. O-O {[%clk 01:30:23]}
{[%emt 00:01:20]} Bd6 {[%clk 01:23:02]} {[%emt 00:00:50]} 8. Nc3 {[%clk
01:30:41]} {[%emt 00:00:12]} O-O {[%clk 01:22:38]} {[%emt 00:00:54]} 9. Re1
{[%clk 01:27:52]} {[%emt 00:03:19]} b6 {[%clk 01:13:54]} {[%emt 00:09:14]} 10.
Bf4 {[%clk 01:26:39]} {[%emt 00:01:42]} Bb4 {[%clk 01:08:08]} {[%emt 00:06:16]}
11. Rc1 {[%clk 01:26:39]} {[%emt 00:00:31]} Bb7 {[%clk 01:06:18]} {[%emt
00:02:20]} 12. Qa4 {[%clk 01:24:18]} {[%emt 00:02:50]} a5 {[%clk 00:59:03]}
{[%emt 00:07:46]} 13. a3 {[%clk 01:24:00]} {[%emt 00:00:48]} Bxc3 {[%clk
00:58:36]} {[%emt 00:00:56]} 14. Rxc3 {[%clk 01:24:16]} {[%emt 00:00:14]} Rc8
{[%clk 00:59:02]} {[%emt 00:00:05]} 15. Rxc8 {[%clk 01:23:51]} {[%emt
00:00:55]} Bxc8 {[%clk 00:59:16]} {[%emt 00:00:16]} 16. Rc1 {[%clk 01:24:08]}
{[%emt 00:00:12]} Ba6 {[%clk 00:59:36]} {[%emt 00:00:11]} 17. e3 {[%clk
01:23:41]} {[%emt 00:00:57]} Qa8 {[%clk 00:58:16]} {[%emt 00:01:49]} 18. Rc7
{[%clk 01:21:05]} {[%emt 00:03:06]} Rc8 {[%clk 00:57:31]} {[%emt 00:01:15]} 19.
Qc2 {[%clk 01:21:20]} {[%emt 00:00:15]} Rxc7 {[%clk 00:56:24]} {[%emt
00:01:38]} 20. Qxc7 {[%clk 01:21:39]} {[%emt 00:00:11]} Qc8 {[%clk 00:56:37]}
{[%emt 00:00:17]} 21. Qxc8+ {[%clk 01:21:27]} {[%emt 00:00:41]} Bxc8 {[%clk
00:57:06]} {[%emt 00:00:02]} 22. Bf1 {[%clk 01:21:41]} {[%emt 00:00:15]} Ne8
{[%clk 00:56:34]} {[%emt 00:01:02]} 1/2-1/2

[Event "ODJM B 2025"]
[Site "Willingen GER"]
[Date "2025.06.13"]
[Round "8"]
[White "Feichtner, David"]
[Black "Stülcken, Philipp"]
[Result "1/2-1/2"]
[Termination "normal"]
[Board "8"]
[WhiteElo "1776"]
[BlackElo "1780"]
[WhiteClock "00:33:21"]
[BlackClock "00:07:51"]
[PlyCount "73"]
[WhiteFideId "533013381"]
[BlackFideId "12986232"]
[EventCountry "GER"]
[EventRounds "9"]
[EventType "swiss"]
[EventDate "2025.06.07"]

1. e4 {[%clk 01:30:58]} {[%emt 00:00:02]} e5 {[%clk 01:30:54]} {[%emt
00:00:08]} 2. Nf3 {[%clk 01:31:25]} {[%emt 00:00:03]} Nc6 {[%clk 01:31:16]}
{[%emt 00:00:08]} 3. Bb5 {[%clk 01:31:52]} {[%emt 00:00:02]} a6 {[%clk
01:31:35]} {[%emt 00:00:12]} 4. Bxc6 {[%clk 01:32:17]} {[%emt 00:00:04]} dxc6
{[%clk 01:32:00]} {[%emt 00:00:05]} 5. O-O {[%clk 01:32:41]} {[%emt 00:00:06]}
f6 {[%clk 01:32:04]} {[%emt 00:00:25]} 6. d4 {[%clk 01:32:54]} {[%emt
00:00:18]} exd4 {[%clk 01:31:44]} {[%emt 00:00:50]} 7. Nxd4 {[%clk 01:33:15]}
{[%emt 00:00:09]} c5 {[%emt 00:01:53]} 8. Nb3 {[%clk 01:33:40]} Qxd1 {[%clk
01:30:46]} {[%emt 00:00:09]} 9. Rxd1 {[%clk 01:34:05]} {[%emt 00:00:05]} Bd6
{[%clk 01:26:28]} {[%emt 00:04:48]} 10. Be3 {[%clk 01:33:51]} {[%emt 00:00:43]}
b6 {[%clk 01:26:03]} {[%emt 00:00:55]} 11. N1d2 {[%clk 01:33:00]} {[%emt
00:01:21]} Be6 {[%clk 01:23:55]} {[%emt 00:02:40]} 12. a4 {[%clk 01:27:15]}
{[%emt 00:06:13]} a5 {[%clk 01:18:57]} {[%emt 00:05:29]} 13. Nc1 {[%clk
01:22:56]} {[%emt 00:04:48]} Ne7 {[%clk 01:17:32]} {[%emt 00:01:56]} 14. c3
{[%clk 01:18:29]} {[%emt 00:04:56]} O-O {[%clk 01:15:35]} {[%emt 00:02:27]} 15.
Ne2 {[%clk 01:17:50]} {[%emt 00:01:07]} Ng6 {[%clk 01:12:06]} {[%emt 00:04:01]}
16. c4 {[%clk 01:12:06]} {[%emt 00:06:15]} Ne5 {[%clk 01:08:57]} {[%emt
00:03:39]} 17. b3 {[%clk 01:05:28]} {[%emt 00:07:08]} c6 {[%clk 01:06:44]}
{[%emt 00:02:43]} 18. Bf4 {[%emt 00:03:15]} Rad8 {[%clk 01:06:21]} 19. Nf1
{[%clk 01:01:38]} {[%emt 00:02:24]} Bc7 {[%clk 00:48:32]} {[%emt 00:18:23]} 20.
Ne3 {[%clk 00:59:42]} {[%emt 00:02:26]} Rxd1+ {[%clk 00:43:29]} {[%emt
00:05:33]} 21. Rxd1 {[%clk 00:59:07]} {[%emt 00:01:04]} Rd8 {[%clk 00:43:16]}
{[%emt 00:00:44]} 22. Rxd8+ {[%clk 00:58:32]} {[%emt 00:01:05]} Bxd8 {[%clk
00:43:41]} {[%emt 00:00:05]} 23. Bxe5 {[%clk 00:58:42]} {[%emt 00:00:19]} fxe5
{[%clk 00:44:07]} {[%emt 00:00:05]} 24. f4 {[%clk 00:58:33]} {[%emt 00:00:38]}
exf4 {[%clk 00:25:44]} {[%emt 00:18:53]} 25. Nxf4 {[%clk 00:58:36]} {[%emt
00:00:28]} Bd7 {[%clk 00:25:56]} {[%emt 00:00:19]} 26. Nd3 {[%clk 00:56:41]}
{[%emt 00:02:24]} Bf6 {[%clk 00:17:24]} {[%emt 00:09:02]} 27. Kf2 {[%clk
00:55:26]} {[%emt 00:01:43]} Bd4 {[%clk 00:14:00]} {[%emt 00:03:56]} 28. Kf3
{[%clk 00:55:34]} {[%emt 00:00:21]} b5 {[%clk 00:11:57]} {[%emt 00:02:34]} 29.
Nf5 {[%clk 00:55:27]} {[%emt 00:00:36]} bxa4 {[%clk 00:11:00]} {[%emt
00:01:28]} 30. Nxd4 {[%clk 00:54:26]} {[%emt 00:01:31]} cxd4 {[%clk 00:11:22]}
{[%emt 00:00:08]} 31. bxa4 {[%clk 00:54:45]} {[%emt 00:00:10]} Be6 {[%clk
00:11:01]} {[%emt 00:00:51]} 32. Nb2 {[%clk 00:52:50]} {[%emt 00:02:25]} c5
{[%clk 00:08:31]} {[%emt 00:03:00]} 33. h3 {[%clk 00:49:40]} {[%emt 00:03:40]}
g5 {[%clk 00:08:12]} {[%emt 00:00:49]} 34. g4 {[%clk 00:45:57]} {[%emt
00:04:12]} Kg7 {[%clk 00:07:57]} {[%emt 00:00:46]} 35. e5 {[%clk 00:45:33]}
{[%emt 00:00:54]} Kg6 {[%clk 00:07:41]} {[%emt 00:00:46]} 36. Ke4 {[%clk
00:37:42]} {[%emt 00:08:21]} h6 {[%clk 00:07:51]} {[%emt 00:00:21]} 37. Kf3
{[%clk 00:33:21]} {[%emt 00:04:50]} 1/2-1/2